UM Logo

Medina claims bronze in Rio Paralympics/ (Record no. 9686)

MARC details
000 -LEADER
fixed length control field 00350nam a2200121 4500
008 - FIXED-LENGTH DATA ELEMENTS--GENERAL INFORMATION
fixed length control field 180713b ||||| |||| 00| 0 eng d
100 ## - MAIN ENTRY--PERSONAL NAME
9 (RLIN) 28682
Personal name Leyba, Olmin
245 ## - TITLE STATEMENT
Title Medina claims bronze in Rio Paralympics/
Statement of responsibility, etc. Olmin, Leyba
260 ## - PUBLICATION, DISTRIBUTION, ETC. (IMPRINT)
Place of publication, distribution, etc. Philippines
Name of publisher, distributor, etc. The Philippine Star
Date of publication, distribution, etc. c2016
300 ## - PHYSICAL DESCRIPTION
Extent page 17.
650 #0 - SUBJECT ADDED ENTRY--TOPICAL TERM
9 (RLIN) 28683
Topical term or geographic name as entry element Sports.
942 ## - ADDED ENTRY ELEMENTS (KOHA)
Source of classification or shelving scheme Dewey Decimal Classification
Koha item type Periodicals
Holdings
Withdrawn status Lost status Source of classification or shelving scheme Damaged status Not for loan Collection code Home library Current library Date acquired Total Checkouts Date last seen Price effective from Koha item type Public note
    Dewey Decimal Classification     Periodicals UM Digos College - LIC UM Digos College - LIC 07/13/2018   07/13/2018 07/13/2018 Periodicals Newspaper Clippings